01005nam a2200241 a 4500001001000000005001700010008004100027041000800068044000600076050002000082100002500102245014300127260005200270300002400322440008600346500012100432500006000553500005000613500000900663651003500672651002800707651002800735BRCA_413720190320204546.0140410s1906----u--a######---#000-0#eng-# aeng au 4aF798b.M66 19061 aMoorehead, Warren K.10aA Narrative of Explorations in New Mexico, Arizona, Indiana, etc. Together with a brief History of the Departmentcby Warren K. Moorehead. aAndover, MassachusettsbThe Andover Pressc1906 a179 p.bil.c24 cm. 0aPhillips Academy, Andover, Massachusetts, Department of ArchaeologyvBulletin ; 3 aAppendix: A brief description of flint ridge by Gerard Fowke (reprinted from Primitive Man in Ohio, Nueva York, 1892 aBoletín inventariado por Banco de México como libro aEstado físico: Encuadernación deteriorada aC166 4aNuevo MéxicoxAntigüedades 4aArizonaxAntigüedades 4aIndianaxAntigüedades